00376nam a2200133Ia 4500008004100000020001500041041001200056082001100068100001300079245008300092260004400175300000800219650001500227221030s9999 xx 000 0 und d a8131416594 aEnglish a105.23 aP. Kumar 4aThe ICFAI Dictionary of Computer Communication & Networking Termscby P. Kumar bICFAI University PressaHyderabadc2008 a377 aManagement